La Liga 100 Biggest Transfers - Statistics

General Stats
  • This quiz has been taken 421 times
  • The average score is 75 of 100
Answer Stats
Nation Player From Joined % Correct
Portugal ST Cristiano Ronaldo 09/10 Manchester United Real Madrid
99%
Brazil LW Neymar 13/14 Santos Barcelona
99%
France SS Antoine Griezmann 19/20 Atletico Madrid Barcelona
98%
France SS Antoine Griezmann 14/15 Real Sociedad Atletico Madrid
98%
Brazil ST Ronaldo 02/03 Inter Milan Real Madrid
98%
Belgium LW Eden Hazard 19/20 Chelsea Real Madrid
97%
Wales RW Gareth Bale 13/14 Tottenham Hotspur Real Madrid
97%
England CM Jude Bellingham 23/24 Borussia Dortmund Real Madrid
97%
Uruguay ST Luis Suarez 14/15 Liverpool Barcelona
97%
Brazil LW Philippe Coutinho 17/18 Liverpool Barcelona
97%
Netherlands CM Frenkie de Jong 19/20 Ajax Barcelona
96%
France RW Ousmane Dembele 17/18 Borussia Dortmund Barcelona
96%
Sweden ST Zlatan Ibrahimovic 09/10 Inter Milan Barcelona
96%
Portugal SS Joao Felix 19/20 Benfica Atletico Madrid
95%
Poland ST Robert Lewandowski 22/23 Bayern Munich Barcelona
95%
France AM Zinedine Zidane 01/02 Juventus Real Madrid
95%
Colombia AM James Rodriguez 14/15 Monaco Real Madrid
94%
Spain ST Alvaro Morata 20/21 Chelsea Atletico Madrid
93%
Spain ST Alvaro Morata 16/17 Juventus Real Madrid
93%
France DM Aurelien Tchouameni 22/23 Monaco Real Madrid
93%
Portugal RW Luis Figo 00/01 Barcelona Real Madrid
93%
Croatia CM Luka Modric 12/13 Tottenham Hotspur Real Madrid
93%
Brazil LW Vinicius Junior 18/19 Flamengo Real Madrid
93%
Brazil RW Raphinha 22/23 Leeds United Barcelona
92%
Brazil RW Rodrygo 19/20 Santos Real Madrid
92%
England RM David Beckham 03/04 Manchester United Real Madrid
91%
Belgium GK Thibaut Courtois 18/19 Chelsea Real Madrid
91%
Spain RW Ferran Torres 21/22 Manchester City Barcelona
90%
Brazil AM Kaka 09/10 Milan Real Madrid
90%
Bosnia CM Miralem Pjanic 20/21 Juventus Barcelona
90%
Brazil CB Eder Militao 19/20 Porto Real Madrid
89%
France CB Jules Kounde 22/23 Sevilla Barcelona
89%
France CB Jules Kounde 19/20 Bordeaux Sevilla
89%
France ST Karim Benzema 09/10 Lyon Real Madrid
89%
Serbia ST Luka Jovic 19/20 Eintracht Frankfurt Real Madrid
89%
Spain ST David Villa 10/11 Valencia Barcelona
88%
France LB Ferland Mendy 19/20 Lyon Real Madrid
88%
Argentina CM Rodrigo de Paul 21/22 Udinese Atletico Madrid
88%
France CM Eduardo Camavinga 21/22 Rennes Real Madrid
87%
Croatia CM Mateo Kovacic 15/16 Inter Milan Real Madrid
87%
Brazil LW Ronaldinho 03/04 Paris Saint-Germain Barcelona
87%
Netherlands RW Arjen Robben 07/08 Chelsea Real Madrid
86%
Spain ST Diego Costa 17/18 Chelsea Atletico Madrid
86%
Colombia ST Radamel Falcao 11/12 Porto Atletico Madrid
86%
Argentina RW Angel Di Maria 10/11 Benfica Real Madrid
85%
Turkey LW Arda Turan 15/16 Atletico Madrid Barcelona
85%
Spain DM Xabi Alonso 09/10 Liverpool Real Madrid
85%
Spain CM Cesc Fabregas 11/12 Arsenal Barcelona
84%
Brazil RB Dani Alves 08/09 Sevilla Barcelona
84%
Brazil CM Paulinho 17/18 Guangzhou Evergrabde Barcelona
84%
Cameroon ST Samuel Eto'o 04/05 Mallorca Barcelona
84%
Spain CB Sergio Ramos 05/06 Sevilla Real Madrid
84%
France AM Thomas Lemar 18/19 Monaco Atletico Madrid
84%
Germany CM Toni Kroos 14/15 Bayern Munich Real Madrid
84%
Chile ST Alexis Sanchez 11/12 Udinese Barcelona
82%
Brazil ST Endrick 24/25 Palmeiras Real Madrid
81%
Netherlands GK Jasper Cillessen 19/20 Barcelona Valencia
79%
Portugal CB Pepe 07/08 Porto Real Madrid
79%
Spain AM Isco 13/14 Malaga Real Madrid
78%
France CB Clement Lenglet 18/19 Sevilla Barcelona
76%
France CB Samuel Umtiti 16/17 Lyon Barcelona
76%
Portugal LB Fabio Coentrao 11/12 Benfica Real Madrid
74%
Colombia ST Jackson Martinez 15/16 Porto Atletico Madrid
74%
Brazil RW Malcom 18/19 Bordeaux Barcelona
74%
Portugal RB Nelson Semedo 17/18 Benfica Barcelona
74%
Belgium LW Yannick Carrasco 20/21 Dalian Pro Atletico Madrid
74%
Spain CB Inigo Martinez 17/18 Real Sociedad Athletic Bilbao
73%
Portugal LW Goncalo Guedes 18/19 Paris Saint-Germain Valencia
71%
Portugal CM Andre Gomes 16/17 Valencia Barcelona
70%
Spain CM Marco Llorente 19/20 Real Madrid Atletico Madrid
68%
Brazil ST Matheus Cunha 21/22 Hertha Berlin Atletico Madrid
68%
Brazil GK Norberto Neto 19/20 Valencia Barcelona
68%
Brazil ST Vitor Roque 24/25 Athletic Paranaense Barcelona
68%
Brazil CM Arthur Melo 18/19 Gremio Barcelona
67%
Spain DM Asier Illarramendi 13/14 Real Sociedad Real Madrid
62%
Netherlands AM Wesley Sneijder 07/08 Ajax Real Madrid
62%
France ST Kevin Gameiro 16/17 Sevilla Atletico Madrid
59%
Netherlands ST Klaas-Jan Huntelaar 08/09 Ajax Real Madrid
59%
Spain RB Alvardo Odriozola 18/19 Real Sociedad Real Madrid
58%
Spain ST Alvaro Negredo 15/16 Manchester City Valencia
57%
Portugal RW Francisco Trincao 20/21 Braga Barcelona
57%
France ST Nicolas Anelka 99/00 Arsenal Real Madrid
57%
Netherlands LW Marc Overmars 00/01 Arsenal Barcelona
54%
Spain ST Paco Alcacer 16/17 Valencia Barcelona
53%
Mali DM Mahamadou Diarra 06/07 Lyon Real Madrid
51%
Argentina SS Javier Saviola 01/02 River Plate Barcelona
49%
Spain ST Rodrigo Moreno 15/16 Benfica Valencia
45%
Spain CB Mario Hermoso 19/20 Espanyol Atletico Madrid
44%
Brazil CB Danilo 15/16 Porto Real Madrid
43%
Brazil AM Reinier 19/20 Flamengo Real Madrid
41%
Spain ST Borja Iglesias 19/10 Espanyol Real Betis
39%
Spain RW Joaquin 06/07 Real Betis Valencia
38%
Spain LW Vitolo 17/18 Sevilla Atletico Madrid
38%
Argentina CB Walter Samuel 04/05 Roma Real Madrid
33%
Argentina AM Nico Gaitan 16/17 Benfica Atletico Madrid
31%
Brazil LW Denilson 98/99 Sao Paulo Real Betis
30%
Portugal RW Rony Lopes 19/20 Monaco Sevilla
28%
Argentina DM Enzo Perez 14/15 Benfica Valencia
27%
Brazil ST Sonny Anderson 97/98 Monaco Barcelona
24%
Brazil CM Flavio Conceicao 00/01 Deportivo La Coruna Real Madrid
12%
No matching quizzes found
Score Distribution
Percent of People with Each Score
Percentile by Number Answered
Your Score History
You have not taken this quiz